000 005920000a22001810004500
003 LK-CoMWRAF
005 20231010105924.0
008 230817t ||||| |||| 00| 0 eng d
040 _aLK-CoMWRAF
_dLK-CoMWRAF
_eLK-CoMWRAF
041 _aeng
082 _a743
_bAZE
100 _aAzeez, I.L.M. Abdul
245 _aA Criticism of Mr. Ramanathan's 'Ethnology of the 'Moors' of Ceylon'
260 _bThe Moors' Islamic Cultural Home Incorporated
_aSri Lanka (Colombo 09)
_c1957
300 _ap.61
650 _aA Criticism of Mr. Ramanathan's "Ethnology of the 'Moors' of Ceylon"
942 _cBK
999 _c1983
_d1983